| 000 | 00816nam a2200253Ia 4500 | ||
|---|---|---|---|
| 003 | OSt | ||
| 005 | 20220923223150.0 | ||
| 006 | a|||||r|||| 00| 0 | ||
| 007 | ta | ||
| 008 | 220922b |||||||| |||| 00| 0 hin d | ||
| 024 | _a211,515 | ||
| 037 | _cTextual | ||
| 040 |
_aARTS _cARTS _bhin |
||
| 041 |
_2hin _ahin |
||
| 082 | _aO152,3N377,PA, L6 | ||
| 100 | _aश्रीकृष्ण, मायूस | ||
| 245 | 0 | _aपर्वत ओर पगडंडी | |
| 246 | _aParvat or pagaḍanḍī | ||
| 260 |
_aदिल्ली _b राज पब्लि हा0 _c1976 |
||
| 300 |
_a254पृ. _ccm. |
||
| 650 |
_aहिन्दी साहित्य _9156264 |
||
| 942 |
_hO152,3N377,PA, L6 _cTEXL _2CC |
||
| 999 |
_c361790 _d361790 |
||